000 00677nam a22002177a 4500
003 0
005 20160609171805.0
008 130624t xxu||||| |||| 00| 0 eng d
020 _a2294006623
040 _aBUAC
_bFre
_cBFSS
100 _aJOURNOIS,Didier
_924768
245 _aEpuration extrarenale en reanimation
_c/par: JOURNOIS,Didier;SHORTGEN,Frederique
260 _aParis
_bMasson
_c2003
300 _aXIII-243p.
_bfig.
_c18 cm
440 _aPratique en anesthesie reanimation et urgences
_924769
504 _aBibliogr. p.240
653 _aepuration:extrarenale:reanimation
700 _aSHORTGEN,Frederique
_924770
800 _aDESMONTS,J-M.
_924771
942 _cLIVR
999 _c51561
_d51561